Statistics for Every Country in a Best Picture Movie

Click here to take the quiz!

General Stats

  • This quiz has been taken 19,382 times
    (15,057 since last reset)
  • The average score is 30 of 40

Answer Stats

#MoviesCountry% Correct
62Rocky, Dances with WolvesUnited States
100%
7Gladiator, The GodfatherItaly
98%
22The King’s Speech, BraveheartUnited Kingdom
98%
4All Quiet on the Western FrontGermany
97%
3Slumdog Millionaire, GandhiIndia
97%
10Gigi, The Life of Emile ZolaFrance
95%
4The Last Emperor, Forrest GumpChina
93%
3Amadeus, The Sound of MusicAustria
92%
1No Country for Old MenMexico
89%
2Around the World in 80 DaysJapan
88%
3The English Patient, Lawrence of ArabiaEgypt
87%
1OppenheimerCanada
86%
2Casablanca, PattonMorocco
86%
1Schindler’s ListPoland
86%
1Lawrence of ArabiaSaudi Arabia
85%
3Platoon, The Deer HunterVietnam
85%
1ParasiteSouth Korea
83%
2Gladiator, Around the World in 80 DaysSpain
83%
1ArgoIran
82%
2The Hurt Locker, ArgoIraq
82%
2Hamlet, Out of AfricaDenmark
77%
3Ben-Hur, Lawrence of ArabiaIsrael
76%
1GandhiSouth Africa
75%
1GandhiPakistan
73%
2The Bridge on the River KwaiThailand
71%
1ArgoTurkey
69%
1OppenheimerNetherlands
68%
3Cavalcade, OppenheimerSwitzerland
68%
1PattonBelgium
67%
2Gladiator, PattonAlgeria
66%
1Lawrence of ArabiaSyria
62%
1The English PatientLibya
60%
1Lawrence of ArabiaJordan
59%
1PattonTunisia
58%
1Schindler’s ListCzech Republic
57%
1Out of AfricaKenya
55%
1The Godfather Part IICuba
49%
1The Bridge on the River KwaiSri Lanka
36%
1RebeccaMonaco
32%
1The Silence of the LambsBahamas
24%

Score Distribution

Percentile by Number Answered

Percent of People with Each Score

Your Score History

You have not taken this quiz since the last reset